| 000 | 00594nam a22002177a 4500 | ||
|---|---|---|---|
| 005 | 20180804142729.0 | ||
| 008 | 180804b xxu||||| |||| 00| 0 eng d | ||
| 020 |
_a9788125040132 _cRs.510.00 |
||
| 040 | _aLoreto College | ||
| 041 | _aEnglish | ||
| 082 |
_a320.954 _bKOT |
||
| 100 | _aKothari,Rajni | ||
| 245 |
_aCaste in Indian politics _cRajni Kothari;revised by James Manor |
||
| 250 | _a2nd ed | ||
| 260 |
_aHyderabad _bOrient Blackswan _c2010 |
||
| 300 |
_alxi,363p _b22cm |
||
| 504 | _aIncludes index | ||
| 650 |
_aCaste-Political aspects _zIndia |
||
| 850 | _aLCLIB | ||
| 942 | _cBK | ||
| 999 |
_c41759 _d92238 |
||